Countries With Only One V - Statistics

General Stats
  • This quiz has been taken 95 times
    39 since last reset
  • The average score is 12 of 18
Answer Stats
Continent Country % Correct
South America Venezuela
100%
Asia Vietnam
100%
Europe Vatican City
90%
Oceania Tuvalu
79%
Oceania Vanuatu
79%
South America Bolivia
76%
Europe Slovakia
69%
Europe Slovenia
69%
Europe Bosnia and Herzegovina
66%
North America El Salvador
66%
Europe Kosovo
66%
Europe Latvia
62%
North America Saint Vincent and the Grenadines
62%
North America Saint Kitts and Nevis
59%
Europe Moldova
52%
Africa Cape Verde
38%
Asia Maldives
38%
Africa Ivory Coast
31%
No matching quizzes found
Score Distribution
Percent of People with Each Score
Percentile by Number Answered
Your Score History
You have not taken this quiz since the last reset